| 000 | 00625nam a22002177a 4500 | ||
|---|---|---|---|
| 999 |
_c6914 _d6914 |
||
| 001 | 3542 | ||
| 003 | BD-DhUAP | ||
| 005 | 20210110124023.0 | ||
| 008 | 210110r20002001ii a b 001 0 eng d | ||
| 020 | _a8120316096 | ||
| 040 |
_aDLC _cDLC _dBD-DhUAP _beng |
||
| 082 | 0 | 0 |
_a658.8 KOT _223 |
| 100 | _aKotler, Philip. | ||
| 245 | 1 | 0 |
_aMarketing management / _cPhilip Kotler. |
| 250 | _a10th ed. | ||
| 260 |
_aNew Delhi : _bPrentice Hall, _cc2000 [2001]. |
||
| 300 |
_axxv, 718 pages : _billustrations ; _c26 cm. |
||
| 504 | _aIncludes bibliographical references and index. | ||
| 650 | 0 |
_aMarketing _xManagement. |
|
| 942 | 0 | 0 |
_2ddc _cBK |